[Event "Udine Ruzzier Memorial 3rd"]
[Site "Udine"]
[Date "2007.09.22"]
[Round "1"]
[White "Paravan, Luca"]
[Black "Santacroce, Fidel"]
[Result "0-1"]
[WhiteElo "1440"]
[BlackElo "1586"]
[PlyCount "76"]
[EventDate "2007.09.22"]
[EventType "swiss"]
[EventRounds "4"]
[EventCountry "ITA"]
[SourceTitle "EXT 2010"]
[Source "ChessBase"]
[SourceDate "2010.11.25"]
[SourceVersion "1"]
[SourceVersionDate "2010.11.25"]
[SourceQuality "1"]

1. e4 c5 2. Nf3 e6 3. d4 cxd4 4. Nxd4 a6 5. Nc3 Qc7 6. Be3 Nc6 7. Qd2 Nf6 8. f3 b5 9. 0-0-0 Be7 10. Be2 Qa5 11. Nb3 Qc7 12. Bf4 e5 13. Be3 d6 14. Nd5 Nxd5 15. exd5 Nd8 16. Bd3 Bb7 17. Be4 a5 18. Qe2 Ba6 19. Rd2 a4 20. Na1 Nb7 21. Qf2 Rc8 22. Bb6 Qc4 23. Bf5 Qxa2 24. c3 Qxa1+ 25. Kc2 Qxh1 26. Bxc8 Bg5 27. Rd1 Qxh2 28. Bc7 h5 29. Qa7 Qxg2+ 30. Kb1 Qxf3 31. Rg1 Qd3+ 32. Ka1 Be3 33. Qxa6 Bxg1 34. Qc6+ Kf8 35. Bxd6+ Nxd6 36. Qxd6+ Kg8 37. Qxe5 Qe3 38. Qb8 Kh7 0-1